000 00355 a2200157 4500
001 25342
020 _a9788598866659
040 _cAnchieta - São Paulo/Itaigara
100 _aSimões, Paula Piano
240 1 0 _aO menino enrolado
_lpor
245 1 0 _aO menino enrolado
300 _a24
362 0 _a2016
650 4 _aLiteratura infantil
942 _cBK
999 _c25342
_d25342